Practice and law of banking-II / (Record no. 126715)
[ view plain ]
| 000 -LEADER | |
|---|---|
| fixed length control field | 00679nam a22002417a 4500 |
| 003 - CONTROL NUMBER IDENTIFIER | |
| control field | dpl |
| 005 - DATE AND TIME OF LATEST TRANSACTION | |
| control field | 20180721104958.0 |
| 008 - FIXED-LENGTH DATA ELEMENTS--GENERAL INFORMATION | |
| fixed length control field | 0 |
| 010 ## - LIBRARY OF CONGRESS CONTROL NUMBER | |
| LC control number | A-739282 |
| 020 ## - INTERNATIONAL STANDARD BOOK NUMBER | |
| Terms of availability | 80.00 |
| 035 ## - SYSTEM CONTROL NUMBER | |
| System control number | A-739282, A-739283 |
| 037 ## - SOURCE OF ACQUISITION | |
| Source of stock number/acquisition | Cen Lib/Ret |
| 040 ## - CATALOGING SOURCE | |
| Original cataloging agency | DPL |
| Language of cataloging | EN |
| Transcribing agency | 0 |
| 082 ## - DEWEY DECIMAL CLASSIFICATION NUMBER | |
| Classification number | 332.1 |
| Item number | SOH |
| 100 ## - MAIN ENTRY--PERSONAL NAME | |
| Personal name | Sohal, N.P.S. |
| 9 (RLIN) | 18284 |
| 245 ## - TITLE STATEMENT | |
| Title | Practice and law of banking-II / |
| Statement of responsibility, etc | by N.P.S.Sohal |
| 260 ## - PUBLICATION, DISTRIBUTION, ETC. (IMPRINT) | |
| Place of publication, distribution, etc | New Delhi |
| Name of publisher, distributor, etc | M/s H.P.J.Kapoor |
| Date of publication, distribution, etc | 1995 |
| 270 ## - ADDRESS | |
| City | New Delhi |
| Address | 3081, Partap Street, Subhash Marg |
| Postal code | 110002 |
| 300 ## - PHYSICAL DESCRIPTION | |
| Extent | 263p. |
| Dimensions | 18cm(Hb) |
| 650 ## - SUBJECT ADDED ENTRY--TOPICAL TERM | |
| Topical term or geographic name as entry element | Management of bank funds. |
| 9 (RLIN) | 18285 |
| 650 ## - SUBJECT ADDED ENTRY--TOPICAL TERM | |
| Topical term or geographic name as entry element | Banking Law. |
| Geographic subdivision | |
| 9 (RLIN) | 18286 |
| 942 ## - ADDED ENTRY ELEMENTS (KOHA) | |
| Source of classification or shelving scheme | Dewey Decimal Classification |
| Koha item type | English Books |
| Classification part | 332.1 |
| Call number suffix | SOH |
| Withdrawn status | Lost status | Damaged status | Not for loan | Home library | Current library | Date acquired | Source of acquisition | Cost, normal purchase price | Total Checkouts | Full call number | Barcode | Date last seen | Copy number | Cost, replacement price | Price effective from | Koha item type | Public note | Source of classification or shelving scheme | Collection code | Coded location qualifier |
|---|---|---|---|---|---|---|---|---|---|---|---|---|---|---|---|---|---|---|---|---|
| Written off | Central Library | Central Library | 26/06/2015 | Cen Lib/Ret | 80.00 | 332.1 SOH | A-739282 | 26/06/2015 | 1 | 80.00 | 26/06/2015 | English Books | Written off on approval by DLB (By Circulation); dtd 15-06-2023 | |||||||
| Patel Nagar | Patel Nagar | 21/07/2018 | BPPD/Pub | 332.1 SOH | A-739283 | 21/07/2018 | 80.00 | 21/07/2018 | English Books | Dewey Decimal Classification | Non-fiction | 80.00 |
